书目信息 |
| 题名: |
高鸿业版《西方经济学》(微观部分·第七版)学习手册
|
|
| 作者: | 王海滨 主编 | |
| 分册: | ||
| 出版信息: | 北京 中国人民大学出版社 2018 |
|
| 页数: | 349页 | |
| 开本: | 26cm | |
| 丛书名: | ||
| 单 册: | ||
| 中图分类: | F091.3 | |
| 科图分类: | ||
| 主题词: | 西方经济学--xi fang jing ji xue--高等学校--教学参考资料 | |
| 电子资源: | ||
| ISBN: | 978-7-300-26194-2 | |
| 000 | 01371nam0 2200253 450 | |
| 001 | 2151113170 | |
| 005 | 20211018173724.0 | |
| 010 | @a978-7-300-26194-2@dCNY48.00 | |
| 100 | @a20190226d2018 em y0chiy50 ea | |
| 101 | 0 | @achi |
| 102 | @aCN@b110000 | |
| 105 | @ay z 000yy | |
| 106 | @ar | |
| 200 | 1 | @a高鸿业版《西方经济学》(微观部分·第七版)学习手册@Agao hong ye ban xi fang jing ji xue (wei guan bu fen di qi ban )xue xi shou ce@f王海滨主编 |
| 210 | @a北京@c中国人民大学出版社@d2018 | |
| 215 | @a349页@d26cm | |
| 300 | @a经济学经典教材辅导书 | |
| 314 | @a王海滨,2006年至今一直从事微观经济学、宏观经济学考研培训,培养了大量优秀学员,编有《高鸿业版<西方经济学>(微观部分·第七版)学习手册》《高鸿业版<西方经济学>(宏观部分·第七版)学习手册》《西方经济学·微观部分习题册(第2版)》《西方经济学·宏观部分习题册(第2版)》等书籍,曾主译《曼昆版<宏观经济学>(第七版)习题集》。 | |
| 330 | @a本书是配套于高鸿业版《西方经济学》(微观部分·第七版)的学习手册,每一章包括学习精要、习题解析、补充训练三个部分。学习精要部分对每章知识点作出精要提炼;习题解析部分提供每章课后习题的答案及详细解释;补充训练部分针对课后习题未能覆盖到或者覆盖密度不足的重难点,提供一些补充练习题。 | |
| 606 | 0 | @a西方经济学@Axi fang jing ji xue@x高等学校@j教学参考资料 |
| 690 | @aF091.3@v5 | |
| 701 | 0 | @a王海滨@Awang hai bin@4主编 |
| 801 | 0 | @aCN@b百万庄@c20211018 |
| 905 | @b1310108-111@dF091.3@e102@f4 | |
| 高鸿业版《西方经济学》(微观部分·第七版)学习手册/王海滨主编.-北京:中国人民大学出版社,2018 |
| 349页;26cm |
| 经济学经典教材辅导书 |
| ISBN 978-7-300-26194-2:CNY48.00 |
| 本书是配套于高鸿业版《西方经济学》(微观部分·第七版)的学习手册,每一章包括学习精要、习题解析、补充训练三个部分。学习精要部分对每章知识点作出精要提炼;习题解析部分提供每章课后习题的答案及详细解释;补充训练部分针对课后习题未能覆盖到或者覆盖密度不足的重难点,提供一些补充练习题。 |
| ● |
| 相关链接 |
|
|
|
|
正题名:高鸿业版《西方经济学》(微观部分·第七版)学习手册
索取号:F091.3/102
 
预约/预借
| 序号 | 登录号 | 条形码 | 馆藏地/架位号 | 状态 | 备注 |
| 1 | 1310108 | 213101089 | 第一样本阅览室/ [索取号:F091.3/102] | 在馆 | |
| 2 | 1310109 | 213101098 | 第一借阅区/ [索取号:F091.3/102] | 在馆 | |
| 3 | 1310110 | 213101105 | 第一借阅区/ [索取号:F091.3/102] | 在馆 | |
| 4 | 1310111 | 213101114 | 第一借阅区/ [索取号:F091.3/102] | 在馆 |